| 000 | 01433 a2200205 4500 | ||
|---|---|---|---|
| 001 | 59713 | ||
| 005 | 20260407155851.0 | ||
| 008 | 260407a2004 arg spa d | ||
| 003 | AR-UNSa-BCEJYS | ||
| 040 |
_aAR-UNSa-BCEJYS _bspa _cAR-UNSa-BCEJYS |
||
| 080 |
_a34 _xDerecho |
||
| 245 | 1 | 0 | _aLa injusticia extrema no es derecho |
| 020 | _a987-03-0361-7 | ||
| 264 | 1 |
_aBuenos Aires : _bUniversidad de Buenos Aires. Facultad de Derecho. Departamento de Publicaciones _c2004 |
|
| 300 |
_a326 p. _c24 cm. |
||
| 505 | _a1. La axiología jurídica de Gustav Radbruch / Rodolfo Luis Vigo – 2. La teoría jurídica discursiva no positivista de Robert Alexy / Rodolfo Luis Vigo – 3. Tribunal constitucional de Alemania “Mauerschutzen” – 4. Tribunal Europeo de Derechos Humanos: “K. – H.W.v. Alemania” – 5. Mauerschutzen. Acerca de la relación entre derecho, Moral y Punibilidad / Robert Alexy – 6. LA decisión del Tribunal Constitucional Federal alemán sobre los homicidios cometidos por los centinelas del Muro de Berlín / Roberto Alexy – 7. Una defensa de la fórmula de Radbruch / Robert Alexy – 8. La doctrina clásica de lex iniusta y la fórmula de Radbruch. Un ensayo de comparación / José Antonio Seoane – 9. Reflexiones iusfisolosóficas sobre el caso de los Guardianes del Muro / Eduardo Roberto Sodero - | ||
| 942 | _cBK | ||
| 590 | _aniveau_biblio:m niveau_hierar:0 | ||
| 100 | 1 | _aVigo, Rodolfo Luis | |
| 999 |
_c6796 _d6796 |
||